| 000 | 00652nam a22002055i 4500 | ||
|---|---|---|---|
| 001 | 53446 | ||
| 003 | ES-MaACL | ||
| 005 | 20250814064713.0 | ||
| 007 | t| | ||
| 008 | 950927s1878 po ||||1| por d | ||
| 040 |
_aCAM _bspa _cCAM |
||
| 100 | 0 |
_aEstrabón. _948188 |
|
| 245 | 1 | 0 |
_aDescripçâo da Peninsula Ibérica _b: livro 3º da Geographia de Strabao (1ª parte) / _cversâo de Gabriel Pereira. |
| 260 |
_aEvora : _b[s.n.], _c1878 ( _fTyp. de F.C. Bravo) |
||
| 300 |
_aVII, 33 p. ; _c21 cm. |
||
| 650 | 7 |
_aGeografía antigua _2embne _9136173 |
|
| 700 | 1 |
_aPereira, Gabriel. _990471 |
|
| 852 |
_aES-MaACL _jT-425-F-10 |
||
| 999 |
_c53446 _d53446 |
||